AN ANALYSIS OF ERRORS MADE BY THIR-YEAR ENGLISH MAJOR STUDENT OF UNIVERSITY OF FOREIGN LANGUAGE STUDIES, UNIVERSITY OF DA NANG IN TRANSLATING STRUCTURES CONTAINING RELATIVE CLAUSE FROM ENGLISH TO VIETNAMESE. /

保存先:
書誌詳細
第一著者: HUỲNH, THỊ CẨM HƯƠNG
フォーマット: 図書
言語:English
出版事項: DHNN, 2016.
主題:
タグ: タグ追加
タグなし, このレコードへの初めてのタグを付けませんか!
Thư viện lưu trữ: Mạng thư viện Đại học Đà Nẵng
LEADER 01289nam a22003371a 4500
001 000041189
003 17485
005 20230313102305.0
008 170310s2016 vm 000 eng
040 |a LNN 
041 |a eng 
082 |a 425  |b HU-H 
100 |a HUỲNH, THỊ CẨM HƯƠNG 
245 3 |a AN ANALYSIS OF ERRORS MADE BY THIR-YEAR ENGLISH MAJOR STUDENT OF UNIVERSITY OF FOREIGN LANGUAGE STUDIES, UNIVERSITY OF DA NANG IN TRANSLATING STRUCTURES CONTAINING RELATIVE CLAUSE FROM ENGLISH TO VIETNAMESE. /  |c Huỳnh Thị Cẩm Hương. 
260 |a DHNN,  |c 2016. 
300 |a 75tr ; 30cm. 
650 |a ANALYSIS OF ERRORS, TRANSLATING STRUCTURES, RELATIVE CLAUSE. 
852 |b P.Doc  |c Luận văn sinh viên 
OWN |a LNN 
AVA |a UDN50  |b LNN  |c English  |d 425 HU-H  |e available  |t Error 5001 Not defined in file expand_doc_bib_avail.  |f 2  |g 0  |h N  |i 0  |j AN 
999 |a From the UDN01 
AVA |a UDN50  |b LNN  |c English  |d 425 HU-H  |e available  |t Error 5001 Not defined in file expand_doc_bib_avail.  |f 2  |g 0  |h N  |i 0  |j AN 
TYP |a Monograph 
TYP |a Printed language 
980 |a Mạng thư viện Đại học Đà Nẵng